Exsexo : (Record no. 28756)

MARC details
000 -LEADER
campo de control de longitud fija 00615nam a22002177a 4500
001 - NÚMERO DE CONTROL
campo de control 00028722
005 - FECHA Y HORA DE LA ÚLTIMA TRANSACCIÓN
campo de control 20260408082928.0
008 - DATOS DE LONGITUD FIJA--INFORMACIÓN GENERAL
campo de control de longitud fija 260408b ag ||||| |||| 00| 0 spa d
020 ## - NÚMERO INTERNACIONAL ESTÁNDAR DEL LIBRO
Número Internacional Estándar del Libro 9509314048
040 ## - FUENTE DE CATALOGACIÓN
Centro catalogador/agencia de origen AR-CcCEOS
Lengua de catalogación Español; Castellano
Centro/agencia transcriptor AR-CcCEOS
041 ## - CÓDIGO DE IDIOMA
Código de lengua del texto/banda sonora o título independiente Español; Castellano
080 ## - NÚMERO DE LA CLASIFICACIÓN DECIMAL UNIVERSAL
Número de la Clasificación Decimal Universal 840-4
090 ## - LOCALMENTE ASIGNADO TIPO-LC NÚMERO DE CLASIFICACIÓN (OCLC); NÚMERO DE CLASIFICACIÓN LOCAL (RLIN)
Número cutter local (OCLC) ; Número de libro/Signatura topográfica íntegra, CALL (RLIN) MIL
100 1# - ENTRADA PRINCIPAL--NOMBRE DE PERSONA
Nombre de persona Millot, Catherine
9 (RLIN) 1030
245 ## - MENCIÓN DEL TÍTULO
Título Exsexo :
Resto del título Ensayo sobre el transexualismo /
Mención de responsabilidad, etc. Catherine Millot
250 ## - MENCION DE EDICION
Mención de edición 1ª ed.
264 ## - PRODUCCIÓN, PUBLICACIÓN, DISTRIBUCIÓN, FABRICACIÓN Y COPYRIGHT
Producción, publicación, distribución, fabricación y copyright Argentina :
Nombre del de productor, editor, distribuidor, fabricante Catalogos,
Fecha de producción, publicación, distribución, fabricación o copyright c1984.
300 ## - DESCRIPCIÓN FÍSICA
Extensión 142 p. ;
Dimensiones 24x15 cm.
655 #0 - TERMINO DE INDIZACIÓN--GENERO/FORMA
Datos o término principal de género/forma psicología
Subdivisión de forma psiconoanalisis
9 (RLIN) 124
Designación de faceta/jerarquía ensayo
Subdivisión general sexualismo
942 ## - ELEMENTOS DE ENTRADA SECUNDARIOS (KOHA)
Fuente de la clasificación o esquema de estantería Clasificación decimal universal
Tipo de ítem Koha Libros
Suprimir en OPAC No
Holdings
Estatus retirado Estado de pérdida Fuente de la clasificación o esquema de estantería Estado de daño No para préstamo Biblioteca de origen Biblioteca actual Fecha de adquisición Fuente de adquisición Número de inventario Total de préstamos Signatura topográfica completa Información codificada de la localización en otra ubicación Colección Código de barras Visto por última vez Precio de reemplazo Tipo de ítem Koha
    Clasificación decimal universal     Biblioteca Julio Serebrinsky Biblioteca Julio Serebrinsky 08/04/2026 Donación 46353   840-4 MIL Referencia 46353 08/04/2026 08/04/2026 Libros